|
|
|
|
| LEADER |
00000nam0a2200000 4500 |
| 001 |
298492 |
| 005 |
20231102001117.0 |
| 035 |
|
|
|a (RuTPU)RU\TPU\book\323635
|
| 090 |
|
|
|a 298492
|
| 100 |
|
|
|a 20150618d1984 m y0rusy50 ca
|
| 101 |
0 |
|
|a rus
|
| 102 |
|
|
|a RU
|
| 105 |
|
|
|a a z 001zy
|
| 200 |
1 |
|
|a Анализ эрготехнических систем
|f Г. В. Дружинин
|
| 210 |
|
|
|a Москва
|c Энергоатомиздат
|d 1984
|
| 215 |
|
|
|a 160 с.
|c ил.
|
| 320 |
|
|
|a Библиогр.: с. 157-159
|
| 606 |
1 |
|
|a Эргономика
|2 stltpush
|3 (RuTPU)RU\TPU\subj\37487
|9 58447
|
| 610 |
1 |
|
|a эрготехнические системы
|
| 610 |
1 |
|
|a трудовые процессы
|
| 610 |
1 |
|
|a производственные операции
|
| 610 |
1 |
|
|a технические объекты
|
| 610 |
1 |
|
|a оценка
|
| 610 |
1 |
|
|a надежность
|
| 610 |
1 |
|
|a человек-машина
|
| 686 |
|
|
|a У9(2)242.10
|v LBC/SL-A
|2 rubbk
|
| 700 |
|
1 |
|a Дружинин
|b Г. В.
|g Георгий Васильевич
|
| 801 |
|
1 |
|a RU
|b 63413507
|c 20150618
|
| 801 |
|
2 |
|a RU
|b 63413507
|c 20160729
|g RCR
|
| 942 |
|
|
|c BK
|